Hinduism in the context of social history, Vol. 3 (Record no. 53987)
[ view plain ]
| 000 -LEADER | |
|---|---|
| fixed length control field | 00425nam a2200157Ia 4500 |
| 005 - DATE AND TIME OF LATEST TRANSACTION | |
| control field | 20260430133801.0 |
| 008 - FIXED-LENGTH DATA ELEMENTS--GENERAL INFORMATION | |
| fixed length control field | 260429s9999||||xx |||||||||||||| ||und|| |
| 020 ## - INTERNATIONAL STANDARD BOOK NUMBER | |
| International Standard Book Number | 9788196924393 |
| 082 ## - DEWEY DECIMAL CLASSIFICATION NUMBER | |
| Classification number | 294.5 |
| Item number | GOY |
| 100 ## - MAIN ENTRY--PERSONAL NAME | |
| Personal name | Goyal, S. R. |
| 245 #0 - TITLE STATEMENT | |
| Title | Hinduism in the context of social history, Vol. 3 |
| Statement of responsibility, etc | S. R. Goyal |
| 260 ## - PUBLICATION, DISTRIBUTION, ETC. (IMPRINT) | |
| Place of publication, distribution, etc | Jaipur : |
| Name of publisher, distributor, etc | Y King Books, |
| Date of publication, distribution, etc | 2024. |
| 300 ## - PHYSICAL DESCRIPTION | |
| Extent | xxxv, 280 p.; hb |
| 440 ## - SERIES STATEMENT/ADDED ENTRY--TITLE | |
| Volume number/sequential designation | Vol. 3 |
| 942 ## - ADDED ENTRY ELEMENTS (KOHA) | |
| Koha item type | Text Books |
| Withdrawn status | Lost status | Damaged status | Not for loan | Home library | Location | Shelving location | Date of Cataloging | Source of acquisition | Total Checkouts | Full call number | Barcode | Date last seen | Price effective from | Koha item type |
|---|---|---|---|---|---|---|---|---|---|---|---|---|---|---|
| CUTN Central Library | CUTN Central Library | Religion | 30/04/2026 | Kiran Book Centre, Bengaluru - Invoice No. 301/25-26 on 11-02-2026 | 294.5 GOY | 56164 | 30/04/2026 | 30/04/2026 | Text Books |
